LDR 00934naa#a2200193#i#450# 001 RU\\bibl\120832 005 20260502001024.6 011 ## _a2223-4608 100 ## _a20260430b2026####ek#y0rusy0150####ca 102 ## _aRU 200 1# _aНейросетевая технология оценивания качества поверхности изделий _eЖурнальная статья 210 1# _aБрянск _cБрянский государственный технический университет _d2026 215 ## _a7 с. 608 ## _aЖурнальная статья _2local 675 ## _aКачество обработанной поверхности. 621.7.015 _aНейронные сети. 004.032.26 _z 700 #1 _aБровкова _gМарина Борисовна 700 #1 _aКупцов _gПавел Владимирович 700 #1 _aМартынов _gВладимир Васильевич 856 4# _abstu.editorum.ru _u